00465nam a2200145Ia 4500008004100000020001400041082001200055100001500067245002900082260003100111300003000142942003700172952009500209999001500304250814s9999 xx 000 0 und d a705406474 a938 LEV aPeter Levi 0aAtlas of the Greek World aLondonbTime Life UKc1980 a239 p. ; col. ill.; 30cm. h938cNF ENG6938_000000000000000 95896aKFPLbKFPLcENGd2025-08-14l0o938 LEVpKL-2024-003413r2025-08-14 08:55:18yNF ENG c6653d6653